000 00303nam a22001337a 4500
008 170602b xxu||||| |||| 00| 0 eng d
020 _a9780077286439
041 _aeng
080 _22ND
_a94(100)
100 _a17
101 _aSHH
245 _aTRADITIONS & ECONUNTERS
_cBENTLEY,J.H
942 _2udc
_cBK
999 _c15596
_d15596